000 00832nam a2200205Ii 4500
003 JO-AjNU
008 230605s9999||||xx |||||||||||||| ||und||
040 _aJO-AjNU
_bara
_erda
_cJO-AjNU
041 _aara
050 1 4 _aK845.E44.S29.2008
100 3 _a الصيرفي ، محمد,
_eauthor
_943857
245 0 0 _aالبيع والشراء عبر الإنترنت
250 _a(د،ط)
264 3 1 _aالقاهرة : المكتب الجامعي الحديث ، 2008
300 _a390ص
336 _atext
_btxt
_2rdacontent
337 _aunmediated
_bn
_2rdamedia
338 _avolume
_bnc
_2rdacarrier
650 4 _aالتعاقد عبر الانترنت -- العقود الالكترونية -- البيع -- قوانين وتشريعات -- تجارة -- معالجة آلية -- انترنت (شبكة حاسوب )
_943858
999 _aA18885
_c22453
_d22453